000 00539nam a2200169Ia 4500
005 20250508163153.0
008 008 250505s9999 xx 000 0 eng d
037 _aBooks to be hide in OPAC
040 _aFEDL
_beng
_cFEDL
041 _aeng
_2eng
084 _a423, IND/O
_qFEDL
245 0 _aBrihat paribhashik shabda sangrah: Manviki. Vol 1 A-K Vol. 2 L-Z
260 _aNew Delhi, India
_bMinistry of Education and Social Welfare
_c1973
300 _alxvii,717p.
942 _cHB
_h423, IND/O
999 _c1381279
_d1381279